Estàtica gràfica : text redactat pel professorat d' EET text redactat pel professorat d' EET
Descripción Física:
50 p. : il. ; 23 cm
Otros Autores:
Catalunya. Extensió d'Ensenyament Tècnic
MARC
| LEADER | 00000nam a2200000Ia 4500 | ||
|---|---|---|---|
| 001 | 9275 | ||
| 008 | 160829s1933 xx 000 0 cat d | ||
| 080 | |a C-2-121 | ||
| 245 | |a Estàtica gràfica : |b text redactat pel professorat d' EET | ||
| 260 | |a Barcelona : |b Extensió d' Ensenyament Tècnic, |c 1933 | ||
| 300 | |a 50 p. : |b il. ; |c 23 cm | ||
| 590 | |a Abans del títol, Escola per correspondència de la Generalitat de Catalunya. | ||
| 650 | |a Estàtica |9 37513 | ||
| 650 | |a Grafostàtica |9 37514 | ||
| 700 | |a Catalunya. Extensió d'Ensenyament Tècnic |9 20004 | ||
| 901 | |a Arxiu | ||
| 942 | |n 1 | ||
| 952 | |0 0 |1 0 |4 0 |6 C2121 |7 1 |9 47903 |a Arxiu |b Arxiu |d 2016-12-01 |l 0 |o C-2-121 |p 9275 |r 2016-12-01 00:00:00 |w 2016-12-01 |y ARXIU | ||
| 999 | |c 51703 |d 51703 | ||